000
00304nam a2200133Ia 4500
008
191201s2009 xx 000 0 und d
100
_a
KHERA,Shiv
245
0
_a
Living with Honour
250
_a
Rep
260
_a
N. Delhi
_b
Macmillan
_c
2009
300
_a
202
650
_a
General Books
942
_2
ddc
_c
BK
999
_c
4396
_d
4396